Introduction to Data Science 2/e
Kaydedildi:
| Yazar: | |
|---|---|
| Materyal Türü: | Kitap |
| Baskı/Yayın Bilgisi: |
Springer
|
| Etiketler: |
Etiket eklenmemiş, İlk siz ekleyin!
|
MARC
| LEADER | 00000nam a2200000Ia 4500 | ||
|---|---|---|---|
| 005 | 20260513122054.0 | ||
| 020 | |a 9783031489556 | ||
| 100 | |a Igual | ||
| 365 | |c € | ||
| 365 | |b 28.00 | ||
| 942 | |c BK | ||
| 245 | |a Introduction to Data Science 2/e | ||
| 260 | |b Springer | ||
| 999 | |c 116 |d 116 | ||
| 952 | |0 0 |1 0 |4 0 |7 0 |a UNSW |b UNSW |d 2026-05-06 |g 49.99 |i 16685 |l 0 |p 000072 |r 2026-05-13 12:20:54 |v 49.99 |w 2026-05-13 |y BK | ||
| 952 | |0 0 |1 0 |4 0 |7 0 |a UNSW |b UNSW |d 2026-05-06 |g 49.99 |i 16686 |l 0 |p 000090 |r 2026-05-13 12:20:54 |v 49.99 |w 2026-05-13 |y BK | ||